00487nam a22001457a 450000500170000000800410001702000150005804100130007308200150008610000430010124500920014426000470023630000330028365000250031620231108123607.0231108b |||||||| |||| 00| 0 eng d a0702116041 aEnglish  a346.3 COR  aCorbett, MM and Buchanan, JLlEnglish  aThe Quantum of Damages in Bodily and Fatal Injury Cases / cMM Corbett and JL Buchanan  aCape Town : bJuta and Company Ltd, c1985 bxxiii, 141 pages ; c27 cm.  aLegal practice bLaw